000 00655nam a2200253Ia 4500
001 Para_6327
003 CHAP
008 220125s1968 xx 000 0 und d
010 _a205058
040 _cCHAP
082 _aPA 595.7 R6y
100 _aRoss, Herbert H.
_9164242
245 _aIntroducción a la entomología general y aplicada /
_c por Herbert H. Ross
260 _aBarcelona :
_b Omega
300 _a536 p.
650 _aEntomología
_937113
901 _aPA 595.7 R6Y
902 _aA
905 _a0000001968 a 0000000000 00
910 _a1968
942 _cPARA
942 _cPARA
_d1
999 _c205058
_d205058